| 000 | 00969nam a22003017a 4500 | ||
|---|---|---|---|
| 003 | CHAP | ||
| 005 | 20220329140804.0 | ||
| 008 | 971013s1973 r 00010 d | ||
| 010 | _a57638 | ||
| 011 | _a58610 | ||
| 035 | _a62765 | ||
| 040 | _cCHAP | ||
| 082 |
_a584.93 _bM22 |
||
| 100 | 0 | 0 |
_aMcClure, F. A. _973399 |
| 245 | _aGenera of bamboos native to the Newn World (Gramineas: Bambusoideae) | ||
| 260 |
_aWashington : _bSmithsonian Institution, _c1973 |
||
| 300 |
_a148 P. _b: ilus. |
||
| 490 |
_aSmithsonian contributions to botany _v; 9 |
||
| 590 |
_aBATCH-UPD _b10 _c20130110 _lUCH01 _h1128 |
||
| 590 |
_aBATCH-UPD _b10 _c20130410 _lUCH01 _h0717 |
||
| 590 |
_aBATCH-UPD _b10 _c20130914 _lUCH01 _h0529 |
||
| 590 |
_aCONVERSION _b10 _c20130109 _lUCH01 _h1331 |
||
| 650 | 1 | 4 |
_aBambĂș. _99788 |
| 830 | 0 |
_aSmithsonian contributions to botany _v; 9 _9107168 |
|
| 901 | _aBK | ||
| 942 | _cLIBRO | ||
| 949 |
_a584.93 M22 _bBC _cLIBRO _d33724000361283 _eLIBRO _h34692 _i62765 _si |
||
| 999 |
_c57638 _d57638 |
||